Xử lý tín hiệu và lọc số T.2 T.2

Guardat en:
Dades bibliogràfiques
Autor principal: Nguyễn Quốc Trung
Format: Llibre
Publicat: Khoa học và kỹ thuật 2001
Etiquetes: Afegir etiqueta
Sense etiquetes, Sigues el primer a etiquetar aquest registre!
Thư viện lưu trữ: Mạng thư viện Đại học Đà Nẵng
LEADER 00585nam a2200229 a 4500
001 000028716
003 22417
005 20171030145630.0
008 171030s2001
020 |c 58500 
040 |a LTT 
082 0 |a 005.13  |b NG-T 
100 1 |a Nguyễn Quốc Trung 
245 0 0 |a Xử lý tín hiệu và lọc số T.2  |c Nguyễn Quốc Trung.  |n T.2 
260 |b Khoa học và kỹ thuật  |c 2001 
OWN |a LTT 
999 |a From the UDN01 
TYP |a Monograph 
TYP |a Printed language 
980 |a Mạng thư viện Đại học Đà Nẵng